Správa citácií

Gespeichert in:
Bibliographische Detailangaben
1. Verfasser: Hamar, Peter, 1992- (Verfasst von)
Weitere Verfasser: Andrejčíková, Nadežda, 1966- (Betreuung Doktorarbeit)
Format: Manuskript Buch
Sprache:Slowakisch
Veröffentlicht: Bratislava : STU v Bratislave FIIT, 2013
Schlagworte:
Online-Zugang:VAIS
Tags: Tag hinzufügen
Keine Tags, Fügen Sie das erste Tag hinzu!

MARC

LEADER 00000ntm a22000003a 4500
001 stu275760
005 20150617230236.0
008 131005s2013----xo------------------slo-d
040 |a STU  |b slo 
041 0 |a slo 
044 |a xo 
100 1 |a Hamar, Peter,  |d 1992-  |4 aut  |u I200  |U FIIT Fakulta informatiky a informačných technológií  |T FIIT Ústav informatiky a softvérového inžinierstva  |X 5655  |U I200  |Y 179  |7 A000005655 
242 0 0 |a Managing citations  |y eng 
245 1 |a Správa citácií 
260 |a Bratislava :  |b STU v Bratislave FIIT,  |c 2013 
300 |a 60 s  |c príl. 
650 7 |a informatika  |2 stusub 
650 7 |a Informatics  |2 estusub 
650 7 |a citácie  |2 stusub 
700 1 |a Andrejčíková, Nadežda,  |d 1966-  |4 ths  |u I200  |U FIIT Fakulta informatiky a informačných technológií  |T FIIT Ústav informatiky a softvérového inžinierstva  |X 38835  |U I200  |Y 179  |7 A000038835 
856 4 |a info a plný text  |u http://is.stuba.sk/zp/portal_zp.pl?podrobnosti=77657  |3 VAIS 
996 |b IBAP63/13  |c I*BAP63/13  |l II680  |s A  |a 24  |w stu275760_0001